000 00371nam a2200157 i 4500
001 bg
100 1 _aWEISS, Lech J.
245 0 _aElementy i układy elektroniczne /
_cLech J. Weiss. Cz.1.
250 _aWyd.3.
260 _aBydgoszcz,
_c1986.
040 _cBPK
041 _apol
080 _a621.38(075.8)
942 _cKS
008 s pl f |000 0 pol
999 _c4406
_d4406
856 _uhttp://koha.tu.koszalin.pl/cgi-bin/koha/opac-detail.pl?biblionumber=4406
_yKatalog online BPK